00517nam a22001697a 450000500170000001000150001702000260003203500140005803700130007208200160008510000220010124500820012326000360020527000440024130000380028550000240032320170421154007.0 aENG-117930 a9789382623014c500.00 aEN-101452 bDBAD/PUB a371.8288297 aPradhan, Niladri  aMuslim girls education in India:cby Niladri Pradhanbtheories and practices/ aKolkatabReaders Service c2014 a59/5A, Garfa Main RoadbKolkatae700075 axvi,176p. :c22cm (Hb)bill(maps) aIncludes references